Understanding behaviorism: (Record no. 19512)

MARC details
000 -LEADER
fixed length control field 00473nam a22001577a 4500
008 - FIXED-LENGTH DATA ELEMENTS--GENERAL INFORMATION
fixed length control field 220921b |||||||| |||| 00| 0 eng d
020 ## - INTERNATIONAL STANDARD BOOK NUMBER
International Standard Book Number 119143642
050 ## - LIBRARY OF CONGRESS CALL NUMBER
Classification number BF199
Item number .B38 2017 C.1
100 ## - MAIN ENTRY--PERSONAL NAME
Personal name Baum, William M.
245 ## - TITLE STATEMENT
Title Understanding behaviorism:
Remainder of title Behavior, culture and evolution
Statement of responsibility, etc. William M. Baum
250 ## - EDITION STATEMENT
Edition statement 3rd ed.
260 ## - PUBLICATION, DISTRIBUTION, ETC. (IMPRINT)
Place of publication, distribution, etc. West Sussex
Name of publisher, distributor, etc. Wiley Backwell
Date of publication, distribution, etc. 2017
300 ## - PHYSICAL DESCRIPTION
Extent xvii,301p.
650 ## - SUBJECT ADDED ENTRY--TOPICAL TERM
Topical term or geographic name as entry element Behaviorism(Psychology)
Form subdivision Textbooks
942 ## - ADDED ENTRY ELEMENTS (KOHA)
Source of classification or shelving scheme Library of Congress Classification
Koha item type General Collection
Holdings
Withdrawn status Lost status Source of classification or shelving scheme Not for loan Home library Current library Date acquired Cost, normal purchase price Inventory number Total Checkouts Full call number Barcode Date last seen Copy number Price effective from Koha item type
    Library of Congress Classification   Kabarak, Main Campus Kabarak, Main Campus 21/09/2022 4771.00 0979/2022   BF199 .B38 2017 C.1 032532 02/08/2024 C.1 21/09/2022 General Collection
    Library of Congress Classification   Kabarak, Main Campus Kabarak, Main Campus 21/09/2022 5069.00     BF199 .B38 2017 C.2 032318 02/08/2024 C.2 21/09/2022 General Collection
Designed with assistance from East African Informatics Ltd